000 00453nam a2200181Ia 4500
003 OSt
005 20250822163806.0
008 250729s2005 xx 000 0 und d
040 _cAL
041 _aeng
082 _a370 RATT
100 _aRath Shashibhushan
_9221922
245 _aTheory and principles of education
260 _aNew Delhi
_bDiscovery Publishing House
_c2005
300 _a256p
650 _aEducation
_9221923
942 _2ddc
_cBED
999 _c235229
_d235229